Moros y cristianos en Honduras : texto del baile drama de David y el gigante Goliat /

Resumen: En las áreas geográficas que fueron colonias de España se desarrolló un serie de danzas dialogadas llamadas morismas. En Honduras, éstas aún se practican en diversas regiones, bajo diversos nombres y con variantes sustanciales en cuanto a textos dialogados, música, coreografía y vestuario,...

وصف كامل

محفوظ في:
التفاصيل البيبلوغرافية
المؤلف الرئيسي: Ardón Mejía, Mario
التنسيق: غير معروف
اللغة:Spanish
الوسوم: إضافة وسم
لا توجد وسوم, كن أول من يضع وسما على هذه التسجيلة!

MARC

LEADER 000000000a22000000004500
001 010331
041 0 |a spa 
100 1 |a Ardón Mejía, Mario 
245 1 0 |a Moros y cristianos en Honduras :   |b texto del baile drama de David y el gigante Goliat /   |c Mario Ardón Mejía. 
520 |a Resumen: En las áreas geográficas que fueron colonias de España se desarrolló un serie de danzas dialogadas llamadas morismas. En Honduras, éstas aún se practican en diversas regiones, bajo diversos nombres y con variantes sustanciales en cuanto a textos dialogados, música, coreografía y vestuario, como se asienta en la nota que introduce la transcripción del referido bailedrama. El drama de moros y cristianos que analiza es una pieza de teatro popular tradicional, de participación colectiva entre doce actores y el público. Los sones que acompañan la danza se ejecutan con guitarra, violín y mandolina de doce cuerdas. 
773 0 |x 0252-9963  |d Guatemala : CIRMA  |t Mesoamérica  |g volumen 7, número 11 (1986), páginas 175-195 
942 |c ARC 
999 |c 17331  |d 17331